[Event "278th YMCA Autumn A"]
[Site "Warsaw"]
[Date "2023.12.09"]
[Round "13"]
[White "Polak, Michal"]
[Black "Kaniak, Monika"]
[Result "1-0"]
[WhiteElo "1947"]
[BlackElo "1796"]
[PlyCount "67"]
[EventDate "2023.09.22"]
[EventType "tourn"]
[EventRounds "1"]
[EventCountry "POL"]
[SourceDate "2023.09.29"]

1. e4 g6 2. d4 Bg7 3. Nf3 d6 4. Bd3 Nf6 5. c3 O-O 6. Be3 Nbd7 7. Nbd2 c5 8. h3
Rb8 9. a4 b6 10. O-O Bb7 11. d5 Nh5 12. g4 Nhf6 13. a5 h5 14. g5 Ne8 15. a6 Bc8
16. Kh2 Ne5 17. Nxe5 dxe5 18. f4 exf4 19. Bxf4 Nc7 20. Qf3 e5 21. Be3 Qe7 22.
Qg3 Bd7 23. Rf3 Rbd8 24. Nc4 Nb5 25. Raf1 Nd6 26. Rf6 Nxc4 27. Bxc4 Be8 28.
Rxg6 b5 29. Ba2 c4 30. Rh6 Qc7 31. Rxh5 Rd6 32. Rf6 Qd8 33. Rhh6 Rd7 34. Qg4
1-0